Los estudios latinos
Guardado en:
| Autor principal: | |
|---|---|
| Formato: | Libro |
| Lenguaje: | español |
| Publicado: |
Buenos Aires
EUDEBA
1963
|
| Colección: | Colección Guías
|
| Materias: | |
| Etiquetas: |
Agregar Etiqueta
Sin Etiquetas, Sea el primero en etiquetar este registro!
|
MARC
| LEADER | 00000nam a2200000 a 4500 | ||
|---|---|---|---|
| 001 | UCQ7191 | ||
| 003 | CL-VaPUC | ||
| 008 | 981031e19630000AG |||||||||||||||||spa|d | ||
| 082 | 0 | 4 | |a 870.9 |b COU |2 21 |
| 100 | 0 | |a Cousin, Jean |e author |9 421058 | |
| 245 | 1 | 4 | |a Los estudios latinos |
| 300 | |a 156 p | ||
| 942 | |c BK | ||
| 945 | |d 19981031 00:00:00 |a crobeson | ||
| 260 | |a Buenos Aires |b EUDEBA |c 1963 | ||
| 650 | 0 | |a Literatura latina |9 258055 | |
| 650 | 0 | |a Historia y crítica |9 257407 | |
| 583 | |a last modification |c 19981031 00:00:00 |k Rodrigo Vera | ||
| 490 | 0 | |a Colección Guías | |
| 999 | |c 276949 |d 276947 | ||
| 952 | |0 0 |1 0 |4 0 |6 870_900000000000000_COU_1963 |7 0 |8 A |9 314580 |a BIBEDU |b BIBEDU |d 2019-11-20 |i 1487426 |o 870.9 COU 1963 |p 1487426 |r 2019-11-20 |w 2019-11-20 |y BK |k LIT | ||